the once unknown familiar : shamanic paths to unleash your animal powers (Record no. 2747)

MARC details
000 -LEADER
fixed length control field 00549nam a22001937a 4500
001 - CONTROL NUMBER
control field 0
003 - CONTROL NUMBER IDENTIFIER
control field 0
005 - DATE AND TIME OF LATEST TRANSACTION
control field 20220114142248.0
008 - FIXED-LENGTH DATA ELEMENTS--GENERAL INFORMATION
fixed length control field 0
020 ## - INTERNATIONAL STANDARD BOOK NUMBER
International Standard Book Number 0-87542-439-2
040 ## - CATALOGING SOURCE
Transcribing agency 0
050 ## - LIBRARY OF CONGRESS CALL NUMBER
Classification number BF1567
Item number .R688 1994
100 ## - MAIN ENTRY--PERSONAL NAME
Personal name Roderich, Timothy
245 ## - TITLE STATEMENT
Title the once unknown familiar : shamanic paths to unleash your animal powers
Remainder of title shamanic paths to unleash your animal powers/
Statement of responsibility, etc. Timothy Roderich
264 ## - PRODUCTION, PUBLICATION, DISTRIBUTION, MANUFACTURE, AND COPYRIGHT NOTICE
Place of production, publication, distribution, manufacture USA:
Name of producer, publisher, distributor, manufacturer Llewellyn Worldwide;
Date of production, publication, distribution, manufacture, or copyright notice 1994.
300 ## - PHYSICAL DESCRIPTION
Extent 218 pages
Other physical details illustrations
Dimensions 24 cm.
650 ## - SUBJECT ADDED ENTRY--TOPICAL TERM
Topical term or geographic name entry element Spiritual life
942 ## - ADDED ENTRY ELEMENTS (KOHA)
Source of classification or shelving scheme Library of Congress Classification
Koha item type Foreign Books
Holdings
Withdrawn status Source of classification or shelving scheme Damaged status Not for loan Home library Current library Shelving location Date acquired Total Checkouts Full call number Barcode Date last seen Price effective from Koha item type
  Library of Congress Classification     Cainta College Library Cainta College Library On Display 07/18/2016   BF1567.R688 1994 URSCAI-3733 07/18/2016 07/18/2016 Foreign Books

University of Rizal System
Email us at univlibservices@urs.edu.ph

Visit our Website www.urs.edu.ph/library